| 000 | 01018nmm a2200301 a 4500 | ||
|---|---|---|---|
| 001 | ocm0002016207 | ||
| 003 | TR-IsHL | ||
| 005 | 20201028175546.0 | ||
| 008 | 181029s2017 tu tur | ||
| 007 | cr cn | ||
| 020 | _a9786059148887 | ||
| 035 |
_a2016207 _b(N$T) |
||
| 050 | 0 | 4 |
_aPL76.9.D39 _bY6 2017 |
| 090 | 0 | 4 |
_aPL76.9.D39 _bY6 2017 |
| 100 | 1 | _aDäwtayulı, Nesipbek | |
| 245 | 1 | 0 |
_aYol _h[electronic resource] / _cNesipbek Däwtayulı ; yayına hazırlayan ve çeviren Malik Otarbayev |
| 250 | _a1. Baskı | ||
| 260 |
_aAnkara : _bBengü Yayınları, _c2017 |
||
| 300 | _a252 p. | ||
| 500 | _aBengü Yayınları: 167 | ||
| 650 | 4 | _aDil ve Edebiyat | |
| 650 | 4 | _aLanguage and Literature | |
| 650 | 0 |
_aKazak Edebiyatı _x Hikayeler |
|
| 650 | 0 | _aKazakh literature - Stories | |
| 650 | 7 |
_aLITERARY COLLECTIONS / Russian & Former Soviet Union _2bisacsh |
|
| 700 | 1 | _aOtarbayev, Malik | |
| 856 | 4 | 0 | _uhttp://search.ebscohost.com/login.aspx?direct=true&scope=site&db=e011xww&AN=2016207 |
| 999 |
_c18725 _d18725 |
||